| 000 | 00685nam a2200217 a 4500 | ||
|---|---|---|---|
| 005 | 20240419064018.0 | ||
| 008 | 991125s1987 mx 000 0 spa u | ||
| 035 | _aUPN01000039509 | ||
| 049 | _aCG | ||
| 050 | 4 | _aTK7874 M52 | |
| 245 | 0 | 0 |
_aMicroelectrónica y empleo industrial / _cAlfonso Mercado... [et al.] |
| 260 |
_aMéxico : _bSTPS, Dirección General de Empleo, _c1987 |
||
| 300 | _a102 p | ||
| 440 | 0 |
_aRevolución tecnológica y empleo; _v3 |
|
| 650 | 4 |
_aELECTRONICA _920310 |
|
| 650 | 4 |
_aMAQUINARIA EN LA INDUSTRIA _920532 |
|
| 650 | 4 |
_aTrabajo y trabajadores _zMéxico _xHistoria _910850 |
|
| 700 | 2 |
_aMercado, Alfonso, _ecoaut. |
|
| 904 |
_aAC _b039511 |
||
| 905 | _aLibro | ||
| 999 |
_c39509 _d39509 |
||